Noem de Nederlandse provincies geschreven van achter naar voren - Statistieken

Algemene statistieken
  • Deze quiz is 10 keer genomen
    4 sinds de laatste reset
  • De gemiddelde score is 9 van 12
Antwoordstatistieken
Antwoord % Correct
dnaleez
100%
dnalseirf
100%
ehtnerd
100%
grubmil
100%
dnalloh-diuz
67%
dnalloh-droon
67%
dnalovelf
67%
lessjirevo
67%
negninorg
67%
thcertu
67%
tnabarb-droon
67%
dnalredleg
33%
Geen overeenkomende quizzen gevonden
Scoreverdeling
Procent van Mensen met Elke Score
Percentiel versus Aantal Correcte Antwoorden
Uw Scoregeschiedenis
U heeft deze quiz nog niet genomen sinds de laatste reset